[Event "ZL-2011-0-00900"]
[Site "LSS email"]
[Date "2011.04.30"]
[Round "?"]
[White "Cook, Nigel"]
[Black "Molano Lafuente, Ismael"]
[Result "0-1"]
[WhiteElo "1112"]
[BlackElo "1332"]
[PlyCount "56"]
[EventDate "2011.04.14"]
[EventType "match (corr)"]
[EventRounds "2"]
[EventCountry "GER"]
[SourceTitle "Telechess CBM 147"]
[Source "ChessBase"]
[SourceDate "2012.03.16"]
[SourceVersion "1"]
[SourceVersionDate "2012.03.16"]
[SourceQuality "1"]

1. e4 c5 2. Nc3 Nc6 3. f4 e6 4. Nf3 Nf6 5. Bb5 d5 6. e5 Nd7 7. Bxc6 bxc6 8. 0-0 Be7 9. d3 Ba6 10. Re1 0-0 11. Ne2 Qb6 12. Kh1 c4 13. d4 c5 14. c3 cxd4 15. Nexd4 Nc5 16. Rb1 Nd3 17. Rf1 Bc5 18. Be3 Rab8 19. b4 cxb3 20. axb3 Rfc8 21. b4 Bxd4 22. Bxd4 Qb7 23. Nd2 Rc7 24. Qg4 Bb5 25. Qg3 Qc8 26. Rfd1 Rxc3 27. Bxc3 Qxc3 28. Nb3 d4 0-1

[Event "ZL-2011-0-00900"]
[Site "LSS email"]
[Date "2011.04.30"]
[Round "?"]
[White "Molano Lafuente, Ismael"]
[Black "Cook, Nigel"]
[Result "1-0"]
[WhiteElo "1332"]
[BlackElo "1112"]
[PlyCount "45"]
[EventDate "2011.04.14"]
[EventType "match (corr)"]
[EventRounds "2"]
[EventCountry "GER"]
[SourceTitle "Telechess CBM 147"]
[Source "ChessBase"]
[SourceDate "2012.03.16"]
[SourceVersion "1"]
[SourceVersionDate "2012.03.16"]
[SourceQuality "1"]

1. e4 e6 2. d4 d5 3. Nc3 Nf6 4. Bg5 Bb4 5. e5 h6 6. Be3 Ne4 7. Qg4 g6 8. Nge2 c5 9. 0-0-0 Nxc3 10. Nxc3 Bxc3 11. bxc3 Qa5 12. Kb2 c4 13. Be2 Nc6 14. Qf3 b5 15. Qf6 Rh7 16. a3 Qc7 17. h4 a5 18. h5 g5 19. f4 b4 20. fxg5 bxa3+ 21. Kxa3 Qe7+ 22. Qxe7+ Nxe7 23. g4 1-0

[Event "LSS BI-2010-P-00004"]
[Site "LSS email"]
[Date "2010.04.19"]
[Round "?"]
[White "Venturas, Bob"]
[Black "Cook, Nigel"]
[Result "1-0"]
[WhiteElo "665"]
[BlackElo "1148"]
[PlyCount "59"]
[EventDate "2010.04.22"]
[EventType "tourn (corr)"]
[EventRounds "10"]
[EventCountry "GER"]
[SourceTitle "Telechess CBM 141"]
[Source "ChessBase"]
[SourceDate "2011.03.17"]
[SourceVersion "1"]
[SourceVersionDate "2011.03.17"]
[SourceQuality "1"]

1. e4 e6 2. d4 d5 3. e5 c5 4. Nf3 Qb6 5. Be2 Bd7 6. 0-0 Bb5 7. Bxb5+ Qxb5 8. c3 Nc6 9. Na3 Qb6 10. Nc2 cxd4 11. Nfxd4 Nge7 12. Be3 Qd8 13. f4 Nxd4 14. Nxd4 Nc6 15. Qa4 Qd7 16. f5 Nxd4 17. Qxd7+ Kxd7 18. Bxd4 Be7 19. Rac1 Rhc8 20. fxe6+ fxe6 21. Rf7 Rg8 22. Bc5 Rae8 23. Rd1 b6 24. Bd6 Kd8 25. c4 Bxd6 26. exd6 h6 27. Rdf1 a6 28. Ra7 Rgf8 29. Rxf8 Rxf8 30. Ra8+ 1-0

[Event "LSS No Engine Cup 15 Preliminary 5"]
[Site "LSS email"]
[Date "2010.01.24"]
[Round "?"]
[White "Cook, Nigel"]
[Black "Kerecsenyi, Zoltan"]
[Result "0-1"]
[WhiteElo "1180"]
[BlackElo "1384"]
[PlyCount "54"]
[EventDate "2010.01.25"]
[EventType "tourn (corr)"]
[EventRounds "6"]
[EventCountry "GER"]
[SourceTitle "Telechess CBM 141"]
[Source "ChessBase"]
[SourceDate "2011.03.17"]
[SourceVersion "1"]
[SourceVersionDate "2011.03.17"]
[SourceQuality "1"]

1. e4 g6 2. d4 Bg7 3. Nc3 d6 4. Be3 a6 5. h3 Nf6 6. Nf3 0-0 7. Bd3 Nbd7 8. Qd2 b5 9. 0-0 Bb7 10. a3 c5 11. d5 Rc8 12. Bh6 e5 13. Bxg7 Kxg7 14. Qe3 Nh5 15. Be2 Nf4 16. Bd1 Nb6 17. Nd2 Rb8 18. Ne2 f5 19. Nxf4 exf4 20. Qxf4 fxe4 21. Qxe4 Nxd5 22. Qg4 Nf4 23. Nf3 Qf6 24. c3 Rbe8 25. Rc1 Nd3 26. Rc2 Bxf3 27. Bxf3 Ne5 0-1

[Event "LSS ZL-2009-0-00632"]
[Site "LSS email"]
[Date "2009.12.20"]
[Round "?"]
[White "Molano Lafuente, Ismael"]
[Black "Cook, Nigel"]
[Result "1-0"]
[WhiteElo "1341"]
[BlackElo "1197"]
[PlyCount "49"]
[EventDate "2009.12.13"]
[EventType "match (corr)"]
[EventRounds "2"]
[EventCountry "GER"]
[SourceTitle "Telechess CBM 137"]
[Source "ChessBase"]
[SourceDate "2010.07.15"]
[SourceVersion "1"]
[SourceVersionDate "2010.07.15"]
[SourceQuality "1"]

1. e4 e6 2. b3 d5 3. Bb2 dxe4 4. Nc3 Nf6 5. Qe2 Bb4 6. 0-0-0 Qe7 7. Nxe4 Ba3 8. Nf3 Bd7 9. Nxf6+ Qxf6 10. d4 Bxb2+ 11. Kxb2 0-0 12. Qe5 Qd8 13. Bd3 g6 14. h4 Nc6 15. Qf4 f6 16. h5 g5 17. Qe4 Rf7 18. c3 Qe7 19. Rde1 Re8 20. g4 a5 21. a4 Qd6 22. h6 Qd5 23. Qe3 Rfe7 24. Nd2 e5 25. Bc4 1-0

[Event "IECG CP.2008.P.00008 email"]
[Site "IECG email"]
[Date "2008.10.01"]
[Round "?"]
[White "Corradetti, Roberto"]
[Black "Cook, Nigel"]
[Result "1-0"]
[WhiteElo "1346"]
[BlackElo "1284"]
[PlyCount "51"]
[EventDate "2008.10.01"]
[EventType "tourn (corr)"]
[EventRounds "6"]
[EventCountry "ARG"]
[SourceTitle "Corr 2024"]
[Source "ChessBase"]
[SourceDate "2023.10.19"]
[SourceVersion "1"]
[SourceVersionDate "2023.10.19"]
[SourceQuality "1"]

1. e4 e6 2. d4 d5 3. Nc3 Nf6 4. Bg5 Be7 5. e5 Nfd7 6. Bxe7 Qxe7 7. Nf3 a6 8. Bd3 c5 9. dxc5 Nxc5 10. 0-0 0-0 11. Qd2 Nxd3 12. cxd3 Nc6 13. d4 b5 14. Rac1 Bd7 15. Ne2 Rac8 16. Nf4 f6 17. Nd3 fxe5 18. Ndxe5 Nxe5 19. Nxe5 Qd8 20. b4 Qe7 21. f3 Rfd8 22. Rfe1 Rxc1 23. Rxc1 Qe8 24. Rc7 Qe7 25. Ra7 Qd6 26. Qg5 1-0

[Event "IECG QE.2008.0.00113"]
[Site "IECG email"]
[Date "2008.04.25"]
[Round "?"]
[White "Cook, Nigel"]
[Black "Leisner, Jon"]
[Result "0-1"]
[WhiteElo "1267"]
[BlackElo "1317"]
[PlyCount "82"]
[EventDate "2008.04.25"]
[EventType "tourn (corr)"]
[EventRounds "6"]
[SourceTitle "Corr 2024"]
[Source "ChessBase"]
[SourceDate "2023.10.19"]
[SourceVersion "1"]
[SourceVersionDate "2023.10.19"]
[SourceQuality "1"]

1. e4 d6 2. d4 Nf6 3. Nc3 Nbd7 4. Be3 e5 5. Nf3 Be7 6. Bc4 0-0 7. 0-0 c6 8. a4 exd4 9. Bxd4 Qc7 10. Re1 Ne5 11. Bxe5 dxe5 12. h3 h6 13. Qe2 Bd7 14. Red1 Rad8 15. Qe3 b6 16. Ne1 Bc5 17. Qf3 Bd4 18. Nd3 Bxc3 19. bxc3 Rfe8 20. Bb3 c5 21. Nb2 Bc6 22. Bd5 Bxd5 23. exd5 e4 24. Qe2 Rxd5 25. Nc4 Rxd1+ 26. Rxd1 Rd8 27. Rd2 Rxd2 28. Qxd2 Qd7 29. Qxd7 Nxd7 30. Kf1 f5 31. Ke2 g6 32. Ke3 Kf7 33. f3 exf3 34. Kxf3 Ke6 35. Ne3 g5 36. Kf2 Ne5 37. g3 f4 38. gxf4 gxf4 39. Ng2 Kf5 40. Ne1 Ke4 41. Ng2 a6 0-1

[Event "IECG QE.2007.0.00110"]
[Site "IECG email"]
[Date "2007.08.13"]
[Round "2.2"]
[White "Schnoewitz, Brigitte"]
[Black "Cook, Nigel"]
[Result "1-0"]
[WhiteElo "1264"]
[BlackElo "1265"]
[PlyCount "61"]
[EventDate "2007.08.13"]
[EventType "tourn (corr)"]
[EventRounds "6"]
[SourceTitle "Corr 2024"]
[Source "ChessBase"]
[SourceDate "2023.10.19"]
[SourceVersion "1"]
[SourceVersionDate "2023.10.19"]
[SourceQuality "1"]

1. d4 Nf6 2. c4 e6 3. Nc3 d5 4. e3 c6 5. Nf3 Nbd7 6. Qc2 Be7 7. Bd3 dxc4 8. Bxc4 0-0 9. 0-0 Qc7 10. Bd3 h6 11. e4 Rd8 12. Be3 a6 13. h3 e5 14. Rac1 b5 15. a3 Bb7 16. b4 exd4 17. Nxd4 Ne5 18. Be2 c5 19. bxc5 Bxc5 20. Rfd1 Rac8 21. Ndxb5 Rxd1+ 22. Nxd1 axb5 23. Qxc5 Qxc5 24. Rxc5 Rxc5 25. Bxc5 Nxe4 26. Bb4 Bc6 27. Ne3 Bd7 28. Nc2 Nc4 29. Nd4 Ned6 30. f4 Ne3 31. Bxd6 1-0

[Event "IECG QE.2007.0.00110"]
[Site "IECG email"]
[Date "2007.08.13"]
[Round "1.1"]
[White "Sintsov, Sergey"]
[Black "Cook, Nigel"]
[Result "0-1"]
[WhiteElo "1390"]
[BlackElo "1265"]
[PlyCount "24"]
[EventDate "2007.08.13"]
[EventType "tourn (corr)"]
[EventRounds "6"]
[SourceTitle "Corr 2024"]
[Source "ChessBase"]
[SourceDate "2023.10.19"]
[SourceVersion "1"]
[SourceVersionDate "2023.10.19"]
[SourceQuality "1"]

1. e4 e6 2. d4 d5 3. Nd2 dxe4 4. Nxe4 Bd7 5. Nf3 Bc6 6. Bd3 Nd7 7. 0-0 Ngf6 8. Ng3 Be7 9. b3 0-0 10. Bb2 Bxf3 11. Qxf3 c6 12. Rfe1 Qc8 0-1

[Event "IECG TE.2006.P.02121 email"]
[Site "IECG email"]
[Date "2006.03.17"]
[Round "?"]
[White "Bernal Varela, Nelson"]
[Black "Cook, Nigel"]
[Result "0-1"]
[WhiteElo "2150"]
[BlackElo "1297"]
[PlyCount "31"]
[EventDate "2006.03.17"]
[EventType "tourn (corr)"]
[EventRounds "12"]
[SourceTitle "Corr 2024"]
[Source "ChessBase"]
[SourceDate "2023.10.19"]
[SourceVersion "1"]
[SourceVersionDate "2023.10.19"]
[SourceQuality "1"]

1. e4 c5 2. f4 e6 3. Nf3 d5 4. Nc3 d4 5. Ne2 Nc6 6. Ng3 Nf6 7. Bc4 Be7 8. d3 0-0 9. a4 Bd7 10. 0-0 Na5 11. Ba2 Bxa4 12. e5 Nd7 13. f5 exf5 14. e6 fxe6 15. Bxe6+ Kh8 16. Rxa4 0-1

[Event "IECG TE.2006.P.02121 email"]
[Site "IECG email"]
[Date "2006.03.17"]
[Round "?"]
[White "Cook, Nigel"]
[Black "Bernal Varela, Nelson"]
[Result "1-0"]
[WhiteElo "1297"]
[BlackElo "2150"]
[PlyCount "33"]
[EventDate "2006.03.17"]
[EventType "tourn (corr)"]
[EventRounds "12"]
[SourceTitle "Corr 2024"]
[Source "ChessBase"]
[SourceDate "2023.10.19"]
[SourceVersion "1"]
[SourceVersionDate "2023.10.19"]
[SourceQuality "1"]

1. e4 c5 2. f4 g6 3. Nf3 Bg7 4. Bc4 Nc6 5. Nc3 e6 6. 0-0 Nge7 7. d3 d5 8. exd5 exd5 9. Bb3 0-0 10. a3 Bg4 11. Qe1 Bxf3 12. Rxf3 Nd4 13. Rf1 c4 14. Ba4 a6 15. Be3 b5 16. Ne2 Nxe2+ 17. Qxe2 1-0

[Event "IECG TE.2006.P.02121 email"]
[Site "IECG email"]
[Date "2006.03.17"]
[Round "?"]
[White "Gonzalez Jeldres, Nelson Aliro"]
[Black "Cook, Nigel"]
[Result "0-1"]
[WhiteElo "1895"]
[BlackElo "1297"]
[PlyCount "22"]
[EventDate "2006.03.17"]
[EventType "tourn (corr)"]
[EventRounds "12"]
[SourceTitle "Corr 2024"]
[Source "ChessBase"]
[SourceDate "2023.10.19"]
[SourceVersion "1"]
[SourceVersionDate "2023.10.19"]
[SourceQuality "1"]

1. e4 c5 2. f4 Nc6 3. Nf3 e6 4. Bb5 d5 5. Nc3 Bd7 6. exd5 exd5 7. Nxd5 Nf6 8. Qe2+ Be7 9. Nxf6+ gxf6 10. 0-0 Qc7 11. Re1 Qd6 0-1

[Event "IECG TE.2006.P.02121 email"]
[Site "IECG email"]
[Date "2006.03.17"]
[Round "?"]
[White "Werner, Peter"]
[Black "Cook, Nigel"]
[Result "1-0"]
[WhiteElo "800"]
[BlackElo "1297"]
[PlyCount "47"]
[EventDate "2006.03.17"]
[EventType "tourn (corr)"]
[EventRounds "12"]
[SourceTitle "Corr 2024"]
[Source "ChessBase"]
[SourceDate "2023.10.19"]
[SourceVersion "1"]
[SourceVersionDate "2023.10.19"]
[SourceQuality "1"]

1. e4 c5 2. f4 Nc6 3. Nc3 e6 4. Nf3 d5 5. Bb5 Nf6 6. d3 Be7 7. 0-0 0-0 8. Bxc6 bxc6 9. Qe1 d4 10. Na4 Ba6 11. b3 Rb8 12. Ba3 c4 13. Bxe7 Qxe7 14. Qa5 Bb5 15. bxc4 Bxa4 16. Qxa4 Rfc8 17. Nxd4 Qd7 18. c3 c5 19. Qxd7 Nxd7 20. Nf3 Rb2 21. Rfb1 Rcb8 22. Rxb2 Nb6 23. Kf2 h6 24. a4 1-0

[Event "IECG CP.2006.P.00009 email"]
[Site "IECG email"]
[Date "2006.01.20"]
[Round "?"]
[White "Albesa, Alfredo Ricardo"]
[Black "Cook, Nigel"]
[Result "0-1"]
[WhiteElo "760"]
[BlackElo "1226"]
[PlyCount "38"]
[EventDate "2006.10.01"]
[EventType "tourn (corr)"]
[EventRounds "6"]
[SourceTitle "Corr 2011"]
[Source "ChessBase"]
[SourceDate "2010.08.31"]
[SourceVersion "1"]
[SourceVersionDate "2010.08.31"]
[SourceQuality "1"]

1. e4 e6 2. d4 d5 3. Nd2 Nf6 4. e5 Nfd7 5. Bd3 c5 6. c3 Nc6 7. Ne2 Be7 8. 0-0 cxd4 9. cxd4 0-0 10. f4 f6 11. Nf3 fxe5 12. fxe5 Nb4 13. Bb1 Nb6 14. a3 Nc6 15. Be3 Nc4 16. Bc1 Qb6 17. b3 N4a5 18. Bxh7+ Kxh7 19. Ng5+ Kg8 0-1

[Event "IECG CP.2006.P.00009 email"]
[Site "IECG email"]
[Date "2006.01.20"]
[Round "?"]
[White "Cook, Nigel"]
[Black "Guaimare Rodriguez, Carlos Luis"]
[Result "0-1"]
[WhiteElo "1226"]
[BlackElo "1800"]
[PlyCount "68"]
[EventDate "2006.10.01"]
[EventType "tourn (corr)"]
[EventRounds "6"]
[SourceTitle "Corr 2011"]
[Source "ChessBase"]
[SourceDate "2010.08.31"]
[SourceVersion "1"]
[SourceVersionDate "2010.08.31"]
[SourceQuality "1"]

1. e4 c6 2. c4 d5 3. exd5 cxd5 4. cxd5 Nf6 5. Nc3 Nxd5 6. Bc4 Nb6 7. Be2 Nc6 8. Nf3 Nd4 9. Nxd4 Qxd4 10. 0-0 e6 11. Nb5 Qd8 12. d4 Bd7 13. Be3 Bc6 14. Nc3 Be7 15. Rc1 0-0 16. a3 Bf6 17. Qd2 Qd7 18. Rfd1 Nd5 19. Ne4 Be7 20. Nc5 Qc7 21. Bg5 Bxg5 22. Qxg5 Rfd8 23. Nd3 Qe7 24. Qg3 Rac8 25. Ne5 Qf6 26. Ng4 Qf4 27. Qh3 Ba4 28. Rxc8 Rxc8 29. g3 Qg5 30. Rd3 Rc1+ 31. Kg2 Bc6 32. f3 h5 33. Rd1 Rxd1 34. Bxd1 hxg4 0-1

[Event "IECG TE.2005.P.01910"]
[Site "IECG email"]
[Date "2005.06.19"]
[Round "?"]
[White "Buczinski, Henryk"]
[Black "Cook, Nigel"]
[Result "1-0"]
[WhiteElo "2195"]
[BlackElo "1319"]
[PlyCount "49"]
[EventDate "2005.06.19"]
[EventType "tourn (corr)"]
[EventRounds "8"]
[SourceTitle "Corr 2008"]
[Source "ChessBase"]
[SourceDate "2008.06.24"]
[SourceVersion "1"]
[SourceVersionDate "2008.06.24"]
[SourceQuality "1"]

1. d4 d5 2. e4 dxe4 3. Nc3 Nf6 4. f3 exf3 5. Nxf3 Bg4 6. h3 Bxf3 7. Qxf3 c6 8. g4 e6 9. g5 Nd5 10. Bd3 Be7 11. 0-0 0-0 12. Nxd5 Qxd5 13. Qxd5 cxd5 14. c3 Nc6 15. Bf4 g6 16. h4 f6 17. Rae1 fxg5 18. hxg5 Nd8 19. Be2 Nf7 20. Bg4 Nxg5 21. Bxg5 Rxf1+ 22. Rxf1 Bxg5 23. Bxe6+ Kh8 24. Rf7 Re8 25. Bxd5 1-0

[Event "IECG TE.2005.P.01910"]
[Site "IECG email"]
[Date "2005.06.19"]
[Round "?"]
[White "Cook, Nigel"]
[Black "Obando, Daniel"]
[Result "0-1"]
[WhiteElo "1319"]
[BlackElo "1600"]
[PlyCount "56"]
[EventDate "2005.06.19"]
[EventType "tourn (corr)"]
[EventRounds "8"]
[SourceTitle "Corr 2008"]
[Source "ChessBase"]
[SourceDate "2008.06.24"]
[SourceVersion "1"]
[SourceVersionDate "2008.06.24"]
[SourceQuality "1"]

1. d4 d5 2. e4 dxe4 3. Nc3 Nf6 4. f3 exf3 5. Nxf3 Nc6 6. d5 Nb8 7. Bf4 c6 8. Bc4 cxd5 9. Nxd5 Nxd5 10. Bxd5 e6 11. Bb3 Qxd1+ 12. Rxd1 Bc5 13. Rd3 f6 14. Be3 Bxe3 15. Rxe3 e5 16. 0-0 Nc6 17. c3 Bg4 18. h3 Bxf3 19. Rfxf3 0-0-0 20. Rf2 Kc7 21. Bc2 h6 22. b4 Rd7 23. a4 Rhd8 24. a5 Ne7 25. Re4 Nd5 26. Rc4+ Kb8 27. Ba4 Rc7 28. Rxc7 Kxc7 0-1

[Event "IECG TE.2005.P.01838 email"]
[Site "IECG email"]
[Date "2005.03.24"]
[Round "?"]
[White "Cook, Nigel"]
[Black "Speisser, Patrick"]
[Result "0-1"]
[WhiteElo "1318"]
[BlackElo "2066"]
[PlyCount "30"]
[EventDate "2005.03.24"]
[EventType "tourn (corr)"]
[EventRounds "4"]
[SourceTitle "Corr 2024"]
[Source "ChessBase"]
[SourceDate "2023.10.19"]
[SourceVersion "1"]
[SourceVersionDate "2023.10.19"]
[SourceQuality "1"]

1. d4 Nf6 2. c4 c5 3. d5 b5 4. Nf3 Bb7 5. a4 Qa5+ 6. Bd2 b4 7. Na3 e6 8. dxe6 dxe6 9. Nc2 Ne4 10. b3 Be7 11. g3 Bf6 12. Rb1 0-0 13. Bg2 Nxd2 14. Nxd2 Bxg2 15. Rg1 Bb7 0-1

[Event "IECG TE.2005.P.01838 email"]
[Site "IECG email"]
[Date "2005.03.24"]
[Round "?"]
[White "Speisser, Patrick"]
[Black "Cook, Nigel"]
[Result "1-0"]
[WhiteElo "2066"]
[BlackElo "1318"]
[PlyCount "33"]
[EventDate "2005.03.24"]
[EventType "tourn (corr)"]
[EventRounds "4"]
[SourceTitle "Corr 2008"]
[Source "ChessBase"]
[SourceDate "2008.06.24"]
[SourceVersion "1"]
[SourceVersionDate "2008.06.24"]
[SourceQuality "1"]

1. d4 Nf6 2. c4 c5 3. d5 b5 4. Nf3 bxc4 5. Nc3 g6 6. e4 d6 7. e5 dxe5 8. Nxe5 Bg7 9. Bxc4 0-0 10. Be3 Nfd7 11. Nc6 Nxc6 12. dxc6 Ne5 13. Qxd8 Rxd8 14. c7 Rd7 15. Bd5 Nd3+ 16. Ke2 Rxc7 17. Nb5 1-0